000 00531nam a22001817a 4500
005 20250916115041.0
008 250916b |||||||| |||| 00| 0 eng d
020 _a9798887150437
050 _aQA 76.9 .A25 S73 2023
_bC.1
100 _aStallone, Chris
245 _aComputer Security
250 _aFirst Edition
260 _aDublin, OH
_bOryson Press
_c2023
300 _avi, 262p.
500 _aIncludes index
650 _a1. Network and system protection. 2. Cyber threats and mitigation strategies.
942 _2lcc
_cBK
999 _c216099
_d216099